Normal view
MARC view
- تأليف الطراونة، محمد ؛ شريف عتلم ، معين قسيس ، مؤلف مشارك
Entry Personal Name
001 - CONTROL NUMBER
- control field: 42705
003 - CONTROL NUMBER IDENTIFIER
- control field: JO-AjAnu
005 - DATE AND TIME OF LATEST TRANSACTION
- control field: 20230606081102.0
008 - FIXED-LENGTH DATA ELEMENTS
- fixed length control field: 230606|| aca||aabn | a|a d
040 ## - CATALOGING SOURCE
- Original cataloging agency: JO-AjAnu
- Transcribing agency: JO-AjAnu
100 ## - HEADING--PERSONAL NAME
- Personal name: تأليف الطراونة، محمد ؛ شريف عتلم ، معين قسيس ، مؤلف مشارك
670 ## - SOURCE DATA FOUND
- Source citation: Work cat.: (JO-AjAnu)21874: تأليف الطراونة، محمد ؛ شريف عتلم ، معين قسيس ، مؤلف مشارك, author, القانون الدولى الإنساني : تطبيقاته على الصعيد الوطنى فى الأردن